<?xml version="1.0" encoding="UTF-8"?>
<record
    xmlns:xsi="http://www.w3.org/2001/XMLSchema-instance"
    xsi:schemaLocation="http://www.loc.gov/MARC21/slim http://www.loc.gov/standards/marcxml/schema/MARC21slim.xsd"
    xmlns="http://www.loc.gov/MARC21/slim">

  <leader>00952nam a22001577a 4500</leader>
  <datafield tag="020" ind1=" " ind2=" ">
    <subfield code="a">9788123791111</subfield>
    <subfield code="c">240.00</subfield>
  </datafield>
  <datafield tag="082" ind1=" " ind2=" ">
    <subfield code="a">921</subfield>
    <subfield code="b">&#x930;&#x93E;&#x935;&#x938;&#x940;</subfield>
  </datafield>
  <datafield tag="100" ind1=" " ind2=" ">
    <subfield code="a">&#x938;&#x940;.&#x90F;&#x928;.&#x906;&#x930;.&#x930;&#x93E;&#x935;</subfield>
    <subfield code="9">71819</subfield>
  </datafield>
  <datafield tag="245" ind1=" " ind2=" ">
    <subfield code="a">&#x905;&#x928;&#x902;&#x924; &#x938;&#x940;&#x922;&#x93F;&#x92F;&#x94B;&#x902; &#x92A;&#x930; &#x928;&#x93F;&#x930;&#x902;&#x924;&#x930;:</subfield>
    <subfield code="b">&#x90F;&#x915; &#x930;&#x938;&#x93E;&#x92F;&#x928;&#x936;&#x93E;&#x938;&#x94D;&#x924;&#x94D;&#x930;&#x940; &#x915;&#x940; &#x91C;&#x940;&#x935;&#x928;-&#x917;&#x93E;&#x925;&#x93E; /</subfield>
    <subfield code="c">&#x938;&#x940;.&#x90F;&#x928;.&#x906;&#x930;.&#x930;&#x93E;&#x935;</subfield>
  </datafield>
  <datafield tag="246" ind1=" " ind2=" ">
    <subfield code="a">&#x905;&#x928;&#x902;&#x924; &#x938;&#x940;&#x922;&#x93F;&#x92F;&#x94B;&#x902; &#x92A;&#x930; &#x928;&#x93F;&#x930;&#x902;&#x924;&#x930;</subfield>
  </datafield>
  <datafield tag="260" ind1=" " ind2=" ">
    <subfield code="b">&#x930;&#x93E;&#x937;&#x94D;&#x91F;&#x94D;&#x930;&#x940;&#x92F;&#x92A;&#x941;&#x938;&#x94D;&#x924;&#x915; &#x928;&#x94D;&#x92F;&#x93E;&#x938;, &#x92D;&#x93E;&#x930;&#x924;</subfield>
    <subfield code="c">2020</subfield>
    <subfield code="a">&#x928;&#x908; &#x926;&#x93F;&#x932;&#x94D;&#x932;&#x940;</subfield>
  </datafield>
  <datafield tag="270" ind1=" " ind2=" ">
    <subfield code="a">&#x928;&#x947;&#x939;&#x930;&#x941; &#x92D;&#x935;&#x928; 5,&#x935;&#x938;&#x902;&#x924; &#x915;&#x941;&#x91E;&#x94D;&#x91C; &#x907;&#x902;&#x938;&#x94D;&#x91F;&#x940;&#x91F;&#x94D;&#x92F;&#x941;&#x936;&#x928;&#x932; &#x90F;&#x930;&#x93F;&#x92F;&#x93E;, &#x92B;&#x947;&#x938;-2 &#x935;&#x938;&#x902;&#x924; &#x915;&#x941;&#x91E;&#x94D;&#x91C;  &#x928;&#x908;&#x926;&#x93F;&#x932;&#x94D;&#x932;&#x940;-110070</subfield>
  </datafield>
  <datafield tag="300" ind1=" " ind2=" ">
    <subfield code="a">229 &#x92A;&#x94D;&#x930;&#x940;</subfield>
    <subfield code="b">21 &#x938;&#x947;&#x92E;&#x940;</subfield>
  </datafield>
  <datafield tag="710" ind1=" " ind2=" ">
    <subfield code="a">&#x92E;&#x947;&#x939;&#x947;&#x930; &#x935;&#x93E;&#x928; </subfield>
    <subfield code="9">71817</subfield>
  </datafield>
  <datafield tag="942" ind1=" " ind2=" ">
    <subfield code="2">ddc</subfield>
    <subfield code="c">HN</subfield>
    <subfield code="h">921</subfield>
    <subfield code="k">&#x930;&#x93E;&#x935;&#x938;&#x940;</subfield>
  </datafield>
  <datafield tag="999" ind1=" " ind2=" ">
    <subfield code="c">205809</subfield>
    <subfield code="d">205809</subfield>
  </datafield>
</record>
